Statistics for Fruit Picture Quiz

Click here to take the quiz!

General Stats

  • This quiz has been taken 29 times
    (5 since last reset)
  • The average score is 20 of 26

Answer Stats

Answer% Correct
Apple
100%
Banana
100%
Blueberry
100%
Kiwi
100%
Lemon
100%
Mango
100%
Orange
100%
Pear
100%
Pineapple
100%
Raspberry
100%
Strawberry
100%
Watermelon
100%
Almond
75%
Avocado
75%
Cherry
75%
Coconut
75%
Dragon Fruit
75%
Grape
75%
Lime
75%
Apricot
50%
Cantaloupe
50%
Guava
50%
Peach
50%
Plum
50%
Fig
0%
Vanilla
0%

Score Distribution

Percentile by Number Answered

Percent of People with Each Score

Your Score History

You have not taken this quiz since the last reset